|
|
|
|
| LEADER |
03824cas a2200733 a 4500 |
| 001 |
c000181133 |
| 003 |
CARM |
| 005 |
20080409140904.0 |
| 008 |
830107c19829999enkmnzp 0 a0eng d |
| 010 |
|
|
|a 85641996 //r91
|
| 010 |
|
|
|z sc 83001673
|
| 019 |
1 |
|
|a 2652873
|z 21806919
|5 LACONCORD2021
|
| 022 |
|
|
|a 0167-4048
|
| 032 |
|
|
|a 005711
|b USPS
|
| 035 |
|
|
|a (OCoLC)9108475
|5 LACONCORD2021
|
| 040 |
|
|
|a LU
|b eng
|c LU
|d MH
|d DLC
|d NST
|d AIP
|d NST
|d AIP
|d NST
|d DLC
|d NST
|d DLC
|d NST
|d InU
|d NST
|d OCoLC
|d WaU
|d NST
|d NSDP
|d NST
|d NSDP
|d DLC
|d NSDP
|d MH
|d NST
|d DLC
|d CU-S
|d LC
|
| 042 |
|
|
|a lc
|a nsdp
|
| 050 |
0 |
0 |
|a QA76.9.A25
|b C664
|
| 082 |
0 |
4 |
|a 005.8/05
|2 19
|
| 210 |
0 |
|
|a Comput. secur
|
| 222 |
|
0 |
|a Computer & security
|
| 245 |
0 |
0 |
|a Computers & security.
|
| 246 |
1 |
0 |
|a Computers and security
|
| 260 |
|
|
|a Amsterdam, The Netherlands :
|b North-Holland,
|c [1982-.
|
| 300 |
|
|
|a v. :
|b ill. ;
|c 26 cm.
|
| 310 |
|
|
|a Monthly (except June, Aug., Oct., Nov.),
|b <Aug. 1990->
|
| 321 |
|
|
|a Three no. a year,
|b 1982-
|
| 321 |
|
|
|a Quarterly,
|b <1985->
|
| 362 |
0 |
|
|a Vol. 1, no. 1 (Jan. 1982)-
|
| 500 |
|
|
|a Title from cover.
|
| 500 |
|
|
|a Published: Oxford [England] : Elsevier Advanced Technology Publications, 1988-
|
| 510 |
1 |
|
|a Computer & control abstracts
|x 0036-8113
|b Feb. 1988-
|
| 510 |
1 |
|
|a Electrical & electronics abstracts
|x 0036-8105
|b Feb. 1988-
|
| 510 |
1 |
|
|a Physics abstracts
|x 0036-8091
|b Feb. 1988-
|
| 510 |
2 |
|
|a ABI/INFORM
|b Jan. 1983-
|
| 510 |
2 |
|
|a Electronic publishing abstracts
|x 0739-2907
|
| 510 |
2 |
|
|a Electronics and communications abstracts journal (Riverdale)
|x 0361-3313
|
| 510 |
2 |
|
|a ISMEC bulletin
|x 0306-0039
|
| 510 |
2 |
|
|a Pollution abstracts with indexes
|x 0032-3624
|
| 510 |
2 |
|
|a Safety science abstracts journal
|x 0160-1342
|
| 530 |
|
|
|a Available also by subscription via the World Wide Web.
|
| 650 |
|
0 |
|a Computer security
|v Periodicals.
|
| 650 |
|
0 |
|a Electronic data processing departments
|x Security measures
|v Periodicals.
|
| 776 |
1 |
|
|t Computers & security (Online)
|w (OCoLC)38840853
|
| 856 |
4 |
1 |
|u http://www.sciencedirect.com/science/journal/01674048
|
| 852 |
8 |
|
|b CARM
|h A3:AE11B0
|i D07646
|p 0248336
|f SE
|
| 852 |
8 |
|
|b CARM
|h A3:AJ04E0
|i D07732
|p 0248501
|f SE
|
| 852 |
8 |
|
|b CARM
|h A3:AR01C0
|i F03664
|p 0498899
|f SE
|
| 852 |
8 |
|
|b CARM
|h A1:AQ24C0
|i F04336
|p 0495489
|f SE
|
| 852 |
8 |
|
|b CARM
|h A1:AQ24C0
|i F04336
|p 0495490
|f SE
|
| 852 |
8 |
|
|b CARM
|h A1:AQ24C0
|i F04335
|p 0495491
|f SE
|
| 852 |
8 |
|
|b CARM
|h A1:AQ26C0
|i F04343
|p 0495550
|f SE
|
| 852 |
8 |
|
|b CARM
|h A1:AQ26C0
|i F04343
|p 0495551
|f SE
|
| 866 |
|
0 |
|a 1:1(1982:01)-21:8(2002) Inc.
|
| 866 |
|
0 |
|a 1:1(1982:01)-21:8(2002) Inc.
|
| 999 |
f |
f |
|i f1c4d844-9f1c-5456-a282-5f9a28300934
|s 988edd3f-0ae7-5d6f-92e5-3b3a80af0420
|
| 952 |
f |
f |
|p Can circulate
|a CAVAL
|b CAVAL
|c CAVAL
|d CARM 1 Store
|e D07732
|f A3:AJ04E0
|h Other scheme
|i book
|k 14:1(1995)-14:8(1995)
|m 0248501
|
| 952 |
f |
f |
|p Can circulate
|a CAVAL
|b CAVAL
|c CAVAL
|d CARM 1 Store
|e F04336
|f A1:AQ24C0
|h Other scheme
|i book
|k 2:1(1983:01)-6:6(1987:12)
|m 0495489
|
| 952 |
f |
f |
|p Can circulate
|a CAVAL
|b CAVAL
|c CAVAL
|d CARM 1 Store
|e F04343
|f A1:AQ26C0
|h Other scheme
|i book
|k 11:1(1992:03)-11:3(1992:05),11:5(1992:09)-11:8(1992:12)
|m 0495551
|
| 952 |
f |
f |
|p Can circulate
|a CAVAL
|b CAVAL
|c CAVAL
|d CARM 1 Store
|e F04343
|f A1:AQ26C0
|h Other scheme
|i book
|k 7:1(1988:02)-7:4(1988:08),7:6(1988:12)
|m 0495550
|
| 952 |
f |
f |
|p Can circulate
|a CAVAL
|b CAVAL
|c CAVAL
|d CARM 1 Store
|e F04336
|f A1:AQ24C0
|h Other scheme
|i book
|k 8:1(1989:02)-9:8(1990:12)
|m 0495490
|
| 952 |
f |
f |
|p Can circulate
|a CAVAL
|b CAVAL
|c CAVAL
|d CARM 1 Store
|e F04335
|f A1:AQ24C0
|h Other scheme
|i book
|k 10:1(1991:02)-10:8(1991:12)
|m 0495491
|
| 952 |
f |
f |
|p Can circulate
|a CAVAL
|b CAVAL
|c CAVAL
|d CARM 1 Store
|e F03664
|f A3:AR01C0
|h Other scheme
|i book
|k 1:1(1982:01)-1:2(1982:06)
|m 0498899
|
| 952 |
f |
f |
|p Can circulate
|a CAVAL
|b CAVAL
|c CAVAL
|d CARM 1 Store
|e D07646
|f A3:AE11B0
|h Other scheme
|i book
|k 15:1(1996)-21:8(2002)
|m 0248336
|